| 000 | 00785nam a2200193 i 4500 | ||
|---|---|---|---|
| 001 | 138510 | ||
| 003 | ES-MaACL | ||
| 005 | 20230906195559.0 | ||
| 007 | t| | ||
| 008 | 070214s1911 sp r ||||1| spa d | ||
| 100 | 1 |
_aSan Miguel de la Cámara, Maximino. _9102284 |
|
| 245 | 1 | 0 |
_aContribución al estudio de las dunas de la Península Ibérica _b: tesis presentada para aspirar al grado de Doctor / _cpor Maximino San Miguel de la Cámara. |
| 260 |
_aMadrid : _b[s. n.], _c1911 ( _fImp. de A. Marzo) |
||
| 300 |
_a42 p., 5 p. de lám. ; _c25 cm. |
||
| 500 | _aTesis doctoral de la Universidad de Madrid, Facultad de Ciencias, leída en 1911. | ||
| 650 | 4 |
_aDunas. _9157010 |
|
| 710 | 2 |
_aUniversidad Central (Madrid). _bFacultad de Ciencias. _97088 |
|
| 852 |
_aES-MaACL _jT-1224-F-11 |
||
| 999 |
_c138510 _d138510 |
||